Personnages historiques en images commençant par un N. - Statistiques

Statistiques générales
  • Ce quiz a été pris 1 076 fois
  • Le résultat moyen est 7 sur 9
Statistiques - réponses
Par images Hint Réponse % Correct
Personnage biblique ayant construit une arche Noé
98%
Fondateur des prix portant son nom Alfred Nobel
95%
Père de la physique Isaac Newton
90%
Empereur des Français Napoléon III
84%
Empereur romain Néron
84%
Président américain Richard Nixon
83%
Dernier Tsar de Russie Nicolas II
82%
Président égyptien Gamal Abdel Nasser
65%
Inventeur de la photographie Nicéphore Niepce
29%
Aucun quiz correspondant
Distribution des résultats
% des personnes avec chaque résultat
Percentile par nombre de réponses
Votre historique - résultats
Vous n’avez pas pris ce quiz